LEADER 01142nlm0 22003251i 450 001 990009886160403321 005 20140718092254.0 010 $a9780851990835 035 $a000988616 035 $aFED01000988616 035 $a(Aleph)000988616FED01 035 $a000988616 100 $a20140718d2006----km-y0itay0103----ba 101 0 $aeng 135 $adrnn-008mamaa 200 1 $aValuing crop biodiversity$bRisorsa elettronica$eon-farm genetic resources and economic change$fedited by Melinda Smale 210 $aWallingford, U.K. ; Cambridge, Mass.$cCABI Pub.$cOvid [distributor]$d2006 230 $aDocumento elettronico 336 $aTesto 337 $aFormato pdf 676 $a631.523 702 1$aSmale,$bMelinda 801 3$aIT$bUNINA$gREICAT$2UNIMARC 856 4 $zFull text per gli utenti Federico II$uhttp://ovidsp.ovid.com/ovidweb.cgi?T=JS&PAGE=booktext&NEWS=N&DF=bookdb&AN=01434478/1st_Edition&XPATH=/PG(0) 901 $aEB 912 $a990009886160403321 961 $aAgricultural innovations 961 $aCrops$aGermplasm resources$aEconomic aspects 996 $aValuing crop biodiversity$9830017 997 $aUNINA LEADER 01764oam 2200469M 450 001 9910716166103321 005 20200213070916.3 035 $a(CKB)5470000002518453 035 $a(OCoLC)1065604410 035 $a(OCoLC)995470000002518453 035 $a(EXLCZ)995470000002518453 100 $a20071213d1926 ua 0 101 0 $aeng 135 $aurcn||||||||| 181 $ctxt$2rdacontent 182 $cc$2rdamedia 183 $acr$2rdacarrier 200 10$aGiving title of commodore on the retired list to certain Coast Guard officers. June 5, 1926. -- Ordered to be printed 210 1$a[Washington, D.C.] :$c[U.S. Government Printing Office],$d1926. 215 $a1 online resource (2 pages) 225 1 $aSenate report / 69th Congress, 1st session. Senate ;$vno. 1010 225 1 $a[United States congressional serial set] ;$v[serial no. 8528] 300 $aBatch processed record: Metadata reviewed, not verified. Some fields updated by batch processes. 300 $aFDLP item number not assigned. 606 $aLegislative amendments 606 $aMilitary pay 606 $aMilitary pensions 607 $aUnited States$xArmed Forces$xOfficers 607 $aUnited States$xArmed Forces$xNon-commissioned officers 608 $aLegislative materials.$2lcgft 615 0$aLegislative amendments. 615 0$aMilitary pay. 615 0$aMilitary pensions. 701 $aJones$b Wesley Livsey$f1863-1932$pRepublican (WA)$01389549 801 0$bWYU 801 1$bWYU 801 2$bOCLCO 801 2$bOCLCQ 906 $aBOOK 912 $a9910716166103321 996 $aGiving title of commodore on the retired list to certain Coast Guard officers. June 5, 1926. -- Ordered to be printed$93494276 997 $aUNINA